[Event "Passau op 4th"]
[Site "Passau"]
[Date "1996.??.??"]
[Round "3"]
[White "Dolmatov, Sergey"]
[Black "Dobosz, Henryk"]
[Result "1-0"]
[WhiteElo "2640"]
[BlackElo "2380"]
[PlyCount "121"]
[EventDate "1996.04.??"]
[EventType "swiss"]
[EventRounds "7"]
[EventCountry "GER"]
[SourceTitle "EXT 2001"]
[Source "ChessBase"]
[SourceDate "2000.11.22"]
[SourceVersion "1"]
[SourceVersionDate "2000.11.22"]
[SourceQuality "1"]

1. e4 e5 2. Nf3 Nc6 3. Bb5 a6 4. Ba4 g6 5. c3 Qe7 6. O-O d6 7. d4 Bd7 8. Re1
Bh6 9. Na3 f6 10. Nc2 Qg7 11. Ne3 Nge7 12. Nd5 Nxd5 13. exd5 Ne7 14. Bxd7+ Kxd7
15. dxe5 dxe5 16. Qa4+ Kc8 17. c4 Rd8 18. Bxh6 Qxh6 19. Nd4 Nxd5 20. cxd5 Qf4
21. Rad1 exd4 22. Rxd4 Qd6 23. Re6 Qd7 24. Qc4 Qb5 25. Qc2 Kb8 26. a4 Qd7 27.
Qc3 Ka7 28. Rxf6 Rac8 29. Rf8 Re8 30. h4 Re5 31. Qf3 Qd6 32. g3 Qc5 33. Kg2 Kb8
34. b4 Qc2 35. b5 axb5 36. axb5 Qc5 37. Qb3 Rd8 38. Qa2 Rexd5 39. Ra4 c6 40.
Rf7 R8d7 41. Ra8+ Kc7 42. Qa5+ Kd6 43. Rxd7+ Kxd7 44. Qd8+ Ke6 45. Qg8+ Ke5 46.
Qg7+ Ke4 47. Qxb7 cxb5 48. Rc8 Qd6 49. Rc6 Qf8 50. Re6+ Kd4 51. Qa7+ Qc5 52.
Qa1+ Kc4 53. Rc6 b4 54. Rxc5+ Rxc5 55. Qc1+ Kb5 56. Qd1 Kc4 57. Qc2+ Kb5 58.
Qd3+ Ka4 59. Qd7+ Rb5 60. Qa7+ Ra5 61. Qxh7 1-0

[Event "Passau op 4th"]
[Site "Passau"]
[Date "1996.??.??"]
[Round "5"]
[White "Dolmatov, Sergey"]
[Black "Martinovic, Slobodan"]
[Result "1/2-1/2"]
[WhiteElo "2640"]
[BlackElo "2500"]
[PlyCount "54"]
[EventDate "1996.04.??"]
[EventType "swiss"]
[EventRounds "7"]
[EventCountry "GER"]
[SourceTitle "EXT 2001"]
[Source "ChessBase"]
[SourceDate "2000.11.22"]
[SourceVersion "1"]
[SourceVersionDate "2000.11.22"]
[SourceQuality "1"]

1. e4 c5 2. Nf3 e6 3. c3 Nf6 4. e5 Nd5 5. d4 cxd4 6. cxd4 d6 7. Bc4 Nc6 8. O-O
Be7 9. Qe2 O-O 10. Qe4 Ndb4 11. exd6 Qxd6 12. Nc3 Na5 13. Be2 Bd7 14. Bf4 Qc6
15. Qb1 Qb6 16. Bg5 Qd8 17. Be3 Rc8 18. Ne5 Be8 19. Qe4 Nd5 20. Nxd5 Qxd5 21.
Bf3 Qb5 22. b3 Nc6 23. Rac1 Ba3 24. Rc2 Bd6 25. Be2 Qd5 26. Bf3 Qb5 27. Be2 Qd5
1/2-1/2

[Event "RUS-ch"]
[Site "Elista"]
[Date "1996.??.??"]
[Round "1"]
[White "Vasiukov, Evgeni"]
[Black "Dolmatov, Sergey"]
[Result "1/2-1/2"]
[WhiteElo "2505"]
[BlackElo "2575"]
[PlyCount "34"]
[EventDate "1996.10.15"]
[EventType "swiss"]
[EventRounds "11"]
[EventCountry "RUS"]
[SourceTitle "CBM 056"]
[Source "ChessBase"]
[SourceDate "1997.02.01"]
[SourceVersion "1"]
[SourceVersionDate "1997.02.01"]
[SourceQuality "1"]

1. e4 e6 2. d3 c5 3. g3 Nc6 4. Bg2 g6 5. Nf3 Bg7 6. O-O Nge7 7. c3 d5 8. Nbd2
b6 9. Re1 h6 10. exd5 Nxd5 11. Nb3 Bb7 12. d4 cxd4 13. Nfxd4 Nxd4 14. Nxd4 Rc8
15. Qa4+ Qd7 16. Qxd7+ Kxd7 17. Be3 Ke7 1/2-1/2

[Event "RUS-ch"]
[Site "Elista"]
[Date "1996.??.??"]
[Round "5"]
[White "Yakovich, Yuri"]
[Black "Dolmatov, Sergey"]
[Result "1-0"]
[WhiteElo "2530"]
[BlackElo "2575"]
[Annotator "Hazai"]
[PlyCount "63"]
[EventDate "1996.10.15"]
[EventType "swiss"]
[EventRounds "11"]
[EventCountry "RUS"]
[SourceTitle "CBM 056"]
[Source "ChessBase"]
[SourceDate "1997.02.01"]
[SourceVersion "1"]
[SourceVersionDate "1997.02.01"]
[SourceQuality "1"]

1. d4 {Chekhov Ftacnik Petursson} Nf6 2. c4 g6 3. Nc3 Bg7 4. e4 d6 5. Be2 O-O
6. Bg5 Na6 7. h4 c5 ({It's a matter of taste, but} 7... e5 {looks more natural
in my opinion.}) (7... e5 {Ftacnik} 8. d5 c6 9. h5 Qa5 10. h6 Bh8 11. Bd2 Qb6
12. Rb1 Qd8 13. b4 $14 {Petrosian,A-Xie Jun/Shenzhen/1992/1-0/68/}) (7... h6 {
Ftacnik} 8. Be3 e5 9. d5 Nc5 (9... c6 10. Qd2 cxd5 11. cxd5 $14) 10. Qc2 c6 11.
h5 g5 12. f3 a5 13. g4 Bd7 14. Nh3 a4 15. Qd2 cxd5 16. cxd5 Qa5 17. Nb1 Nfxe4
18. fxe4 Nxe4 19. Qxa5 Rxa5 20. Nc3 {Bareev,E-Kasparov,G/Linares/1992/1/2-1/2/
48/ (20)}) 8. d5 Nc7 (8... h5 {Ftacnik} 9. Qd2 Bd7 10. Nh3 Nc7 11. f3 Qe8 12.
Nf2 b5 13. Bh6 Rb8 14. Bxg7 Kxg7 15. f4 bxc4 16. f5 Nb5 17. Nxb5 Bxb5 18. Qc3
Kh7 19. g4 Ba6 20. b3 Qb5 21. Bxc4 Qb6 22. Bxa6 Qxa6 23. gxh5 gxh5 24. Nh3 {
Schmidt,Rr-Wagner,H/RL-ch Trier/1992/0-1 (74)}) (8... e6 {Ftacnik} 9. Qd2 (9.
dxe6 Bxe6 10. Nf3 $14) 9... exd5 10. exd5 Re8 11. Kf1 h5 12. Bd3 Nb4 13. Bb1
Qb6 14. Nge2 Bd7 15. a3 Na6 16. Bf4 Ng4 17. Ba2 Nc7 18. Ng3 f5 19. Nge2 Ne5 20.
Rh3 {1-0 Gaprindashvili,N-Gufeld,E/Kuala Lumpur (03)/1994/ (37)}) 9. Qd2 (9. h5
{Ftacnik} a6 10. hxg6 fxg6 11. f4 b5 12. e5 b4 13. exf6 exf6 14. Bh6 bxc3 15.
bxc3 Qe7 16. Bxg7 Kxg7 17. Kf2 f5 18. Nf3 Ne8 19. Bd3 Nf6 20. Re1 Ne4+ {
Shainswit,G-Hearst,E/New York Rosenwald 5657 (08)/1957/0-1 (72)}) 9... e6 10.
h5 (10. e5 {leads to immense complications.} dxe5 {Ftacnik} 11. d6 Nce8 12. Rd1
$5 (12. O-O-O Qd7 (12... a5 $6 13. Nf3 Ra6 14. Nxe5 Rxd6 15. Qe3 $44) 13. h5 b5
$5 14. cxb5 Bb7 15. Bh6 $6 (15. hxg6 fxg6 16. f3 a6 17. bxa6 Bxa6 18. Be3 c4
19. Nh3 Nh5 20. Ng5 Nef6 21. Rh4 Nf4 22. Bxf4 exf4 23. Rxf4 {1-0 Antreasyan,
E-Andersen,O/Copenhagen op (03)/1994/ (40)}) 15... Qxd6 $1 16. Qg5 Bxh6 (16...
Qe7 $1) 17. Qxh6 Qe7 (17... Qc7 $1) 18. Qg5 Ng7 19. Bf3 $1 (19. Nf3 h6 $1 20.
Qxe5 g5 $15) 19... e4 20. Nxe4 Bxe4 21. Bxe4 h6 22. Qe3 Nxe4 23. Qxe4 {Bareev,
E-Polgar,J/Hastings (07)/1992/0-1 (49)}) 12... Qd7 (12... Qb6) 13. Qe3 $5 (13.
Nf3 e4 14. Ne5 Qxd6 15. Qxd6 Nxd6 16. Rxd6 Ne8 17. Nxf7 Kxf7 $10) (13. h5 b5 (
13... b6 14. hxg6 hxg6 15. Nf3 e4 16. Bxf6 $5 exf3 17. Bxf3 Bb7 18. Bxb7 Qxb7
19. Bxg7 Nxg7 20. O-O $5 Nf5 21. Rfe1 Nd4 22. Ne4 $14) 14. cxb5 Bb7 15. Bh6
Bxg2 $1 (15... Qxd6 $2 {Chekhov} 16. Qxd6 Nxd6 17. Bxg7 $18) 16. Rh2 Bd5 17.
Bxg7 Kxg7 $2 (17... Nxg7 $5 18. Qg5 Nfxh5 19. Bxh5 f6 20. Qg3 gxh5 $15) 18. Nf3
Qxd6 19. hxg6 (19. Qg5 $2 h6 $17) 19... fxg6 20. Qg5 $1 $44 {1-0 Zakharevich,
I-Dolmatov,S/RUS-chT Kazan (06)/1995/ (31)}) 13... b6 14. Nf3 Nh5 $5 15. Be7 f6
$1 16. Bxf8 Bxf8 17. Ne4 Nf4 18. O-O Bg7 19. Rfe1 Bb7 20. Bf1 Bh6 21. Qc3 Bxe4
22. Rxe4 Nxd6 $17 {Bareev,E-Nunn,J/Hastings (12)/1992/0-1 (44)}) (10. Nf3 {
Ftacnik} exd5 11. exd5 Bg4 $15) (10. dxe6 $2 {Ftacnik} Nxe6 $15) 10... exd5 11.
exd5 Qd7 $2 {After this passive move White gets a strong attack. Black was
probably afraid of the pins after Qf4.} (11... b5 {This pawn sacrifice leads
to Benko Gambit type of positions, which is a usual method in the Averbakh
system.} 12. cxb5 ({or} 12. Qf4 Re8 13. hxg6 hxg6 14. cxb5 Ncxd5 15. Nxd5 Nxd5
16. Qh4 Nf6 {parrying the threats.}) (12. Bh6 $5) 12... a6 (12... Bb7 $6 13.
Bf3 Qd7 14. Nge2 Nxb5 15. Qf4 Nxc3 16. Nxc3 Rfe8+ 17. Kf1 Qf5 18. Qxf5 gxf5 19.
h6 Bh8 20. Rh4 $14 {Onischuk-Wegenert, Berlin op 1993}) 13. bxa6 Bxa6 14. Bxa6
Rxa6 15. hxg6 hxg6 16. Nge2 Qa8 17. Rd1 Rb8 $44) (11... Re8 $5 {avoiding the
exchange of the important B, and then b7-b5.} 12. hxg6 hxg6 13. Bh6 (13. Qf4 b5
) 13... Bh8) (11... a6 {Ftacnik} 12. Qf4 Nce8 13. Bd3 b5 14. cxb5 axb5 15. Bxb5
Qa5 16. hxg6 fxg6 17. Nge2 Ng4 18. Qg3 Nxf2 19. O-O Ne4 20. Rxf8+ Bxf8 21. Qe3
Nxc3 22. Nxc3 Ng7 23. Rf1 Bf5 24. a3 {Kekki,P-Yrjola,J/FIN-chT (1) 1994/1-0 
(46)}) 12. Bh6 $1 Re8 (12... Bxh6 $5 {Ftacnik} 13. Qxh6 Re8 14. O-O-O b5 15.
hxg6 fxg6 $13) 13. Bxg7 Kxg7 14. Nf3 b5 (14... Nxh5 15. O-O-O $40 {>> <-> h} (
15. Rxh5 {Ftacnik} gxh5 16. Qg5+ Kf8 17. Qh6+ Ke7 18. Ne4 $36) (15. O-O-O b5
$13)) 15. cxb5 Bb7 (15... Nxb5 16. O-O-O Nxc3 17. Qxc3 Qd8 (17... Rxe2 $2 18.
h6+ $18) 18. Bb5 Re4 19. Rde1 Rxe1+ (19... Rb4 20. Re8) 20. Rxe1 $18) 16. O-O-O
Ncxd5 (16... Nxh5 {Ftacnik} 17. g4 $40 (17. Rxh5 gxh5 18. Qg5+ Kf8 19. Bd3 $40)
) 17. hxg6 Nxc3 (17... fxg6 18. Qh6+ Kg8 (18... Kh8 {Ftacnik} 19. Nxd5 Bxd5 20.
Qxg6 $16 (20. Qxg6 $1 {Chekhov} Qg7 21. Qxg7+ Kxg7 22. Bd3 $6 (22. Rhe1 $5 $16)
22... Bxa2 23. Nh4 d5 24. Nf5+ Kh8 25. Rh4 $13)) 19. Bc4 $18 (19. Bc4 Qf5 20.
Qd2 $18)) 18. Qxc3 (18. Qh6+ $2 Kh8 $1) 18... fxg6 {[#]} (18... Rxe2 19. Rxh7+
Kxg6 20. Rh6+ $1 $18 (20. Rh6+ $1 {Ftacnik} Kxh6 21. Qxf6+ $18)) (18... hxg6 {
Chekhov} 19. Qd2 Rh8 20. Rxh8 Rxh8 21. Qxd6 $16) 19. Rxh7+ $1 $18 {This
brilliant exchange sacrifice decides the battle. In such positions is the
initiative more important than the material. In solchen Stellungen ist
Initiative mehr wert als Material.} Kxh7 20. Qxf6 Qg7 (20... Kg8 {Ftacnik} 21.
Rxd6 $16) 21. Ng5+ Kh8 (21... Kg8 22. Bc4+ d5 23. Rxd5 {To play such a move is
every chess players dream. Unfortunately they mostly occur in analysis!} (23.
Bxd5+ $6 {Chekhov} Bxd5 24. Qxg7+ Kxg7 25. Rxd5 Re2 26. Rxc5 Rxf2 27. Rc7+ Kh6
28. Nf7+ Kh5 29. a4 Re8 $15) 23... Qxf6 (23... Bxd5 {Ftacnik} 24. Bxd5+ Kh8 25.
Nf7+ Kg8 26. Qf3 Qf8 27. Ng5+ Kg7 28. Bxa8 $18) 24. Rd7+ Re6 (24... Kf8 25.
Nh7#) (24... Kh8 25. Rh7#) 25. Bxe6+ Qxe6 (25... Kf8 26. Nh7+ $18) 26. Nxe6 $18
(26. Nxe6 {Petursson} Bxg2 27. Rg7+ Kh8 28. Rxg6 $18)) 22. Qf4 $1 (22. Nf7+ $2
{Ftacnik} Kg8 23. Qxg7+ Kxg7 24. Nxd6 Rxe2 25. Nxb7 Rxf2 $14) 22... Rxe2 (22...
d5 {Petursson} 23. Nf7+ (23. Bg4 {Ftacnik} Bc8 24. Rh1+ Kg8 25. Qd6 $1 Bxg4 26.
Qxd5+ Be6 27. Nxe6 Qf7 28. Qe5 $18) (23. Bg4 $16 {Chekhov}) 23... Kg8 24. Nh6+
Kh8 25. Rh1 $1 $18) 23. Rh1+ Kg8 24. Qc4+ d5 (24... Kf8 {Ftacnik} 25. Rh8+ $1
Ke7 (25... Qxh8 26. Qf7#) 26. Qxe2+ Qe5 27. Rh7+ Kf6 28. Rf7+ Kxg5 29. f4+
Qxf4+ 30. Rxf4 $18) 25. Qxe2 Qf6 26. Qe3 Rd8 (26... d4 $2 {Ftacnik} 27. Qb3+
$18) (26... Rf8 {Chekhov} 27. Nh7 Qxf2 28. Qe6+ Rf7 (28... Qf7 29. Nxf8 $18)
29. Qxg6+ Rg7 30. Nf6+ $18) 27. Nh7 Qd6 (27... Qf5 {Ftacnik} 28. g4 $1 Qf7 29.
Qe5 $18) 28. Qg5 Kf7 (28... Bc8 {Ftacnik} 29. Nf6+ Kf7 30. Rh7+ Ke6 31. Ng4 $18
) 29. Qh4 (29. Nf6 {Ftacnik} Qxf6 30. Rh7+ Ke6 31. Qe3+ Kd6 32. Rxb7 $18) 29...
Rg8 (29... Bc8 {Ftacnik} 30. Ng5+ Kg7 31. f4 Qf6 32. Qh7+ Kf8 33. Qc7 $18) 30.
Ng5+ Kf8 31. Re1 Bc8 (31... a6 {Ftacnik} 32. Ne6+ Kf7 33. Qh7+ $18) 32. Ne6+ (
32. Ne6+ $1 {Ftacnik} Qxe6 (32... Bxe6 33. Qf6+ $18 (33. Qf6+ {Chekhov} Ke8 34.
Rxe6+ $18)) (32... Kf7 33. Qh7+ Kf6 34. Qxg8 $18) 33. Rxe6 Bxe6 34. Qd8+ Kf7
35. Qc7+ Kf6 36. Qxa7 $18) 1-0

[Event "RUS-ch m3-4"]
[Site "Elista"]
[Date "1997.05.21"]
[Round "1.3"]
[White "Dolmatov, Sergey"]
[Black "Potapov, Alexander"]
[Result "1-0"]
[WhiteElo "2560"]
[BlackElo "2455"]
[PlyCount "117"]
[EventDate "1997.04.19"]
[EventType "k.o."]
[EventRounds "6"]
[EventCountry "RUS"]
[SourceTitle "CBM 059"]
[Source "ChessBase"]
[SourceDate "1997.08.01"]
[SourceVersion "1"]
[SourceVersionDate "1997.08.01"]
[SourceQuality "1"]

1. e4 e5 2. Nf3 Nc6 3. Nc3 Nf6 4. d4 exd4 5. Nxd4 Bb4 6. Nxc6 bxc6 7. Bd3 O-O
8. O-O d5 9. exd5 cxd5 10. Bg5 c6 11. Ne2 Bd6 12. h3 Rb8 13. b3 Be5 14. c3 h6
15. Bf4 Qc7 16. Bxe5 Qxe5 17. Nd4 Bd7 18. Re1 Qg5 19. Nf3 Qf4 20. Qd2 Qd6 21.
Nd4 c5 22. Nf5 Bxf5 23. Bxf5 d4 24. cxd4 cxd4 25. Bd3 Rfd8 26. Bc4 Rb6 27. Rad1
Qc5 28. Qe2 Rb7 29. Qe5 Qb4 30. Re2 Rbd7 31. Qg3 Qc3 32. Qd3 Qa5 33. Qf3 Qg5
34. Rd3 Nh5 35. g3 Nf6 36. Kg2 Qc5 37. Qf4 Qc6+ 38. Qf3 Qb6 39. Re5 Qd6 40. Re2
g6 41. Qf4 Qc6+ 42. Kh2 Kg7 43. Re5 Qd6 44. Kg2 Nh5 45. Qe4 Nf6 46. Qf4 g5 47.
Qf5 Re7 48. Rxe7 Qxe7 49. Rd2 Qb7+ 50. Qf3 Qb4 51. Re2 Qd6 52. Bd3 Qc5 53. Rc2
Qa5 54. Qf5 Rd5 55. Qf3 h5 56. Rc6 Ng8 57. Qxh5 Rd8 58. Qh7+ Kf8 59. Bc4 1-0

[Event "RUS-ch m3-4"]
[Site "Elista"]
[Date "1997.05.21"]
[Round "1.4"]
[White "Potapov, Alexander"]
[Black "Dolmatov, Sergey"]
[Result "0-1"]
[WhiteElo "2455"]
[BlackElo "2560"]
[PlyCount "20"]
[EventDate "1997.04.19"]
[EventType "k.o."]
[EventRounds "6"]
[EventCountry "RUS"]
[SourceTitle "CBM 059"]
[Source "ChessBase"]
[SourceDate "1997.08.01"]
[SourceVersion "1"]
[SourceVersionDate "1997.08.01"]
[SourceQuality "1"]

1. d4 Nf6 2. c4 g6 3. Nc3 Bg7 4. e4 d6 5. Bg5 Nbd7 6. Nf3 e5 7. d5 a5 8. h3 Nc5
9. Be2 Bd7 10. g4 c6 {(...)} 0-1

[Event "RUS-Cup7"]
[Site "Kstovo"]
[Date "1997.05.02"]
[Round "2"]
[White "Varavin, Viktor"]
[Black "Dolmatov, Sergey"]
[Result "1/2-1/2"]
[WhiteElo "2505"]
[BlackElo "2560"]
[PlyCount "32"]
[EventDate "1997.05.01"]
[EventType "swiss"]
[EventRounds "9"]
[EventCountry "RUS"]
[SourceTitle "CBM 059"]
[Source "ChessBase"]
[SourceDate "1997.08.01"]
[SourceVersion "1"]
[SourceVersionDate "1997.08.01"]
[SourceQuality "1"]

1. e4 e6 2. d4 d5 3. Nd2 c5 4. Ngf3 Nf6 5. exd5 exd5 6. Bb5+ Bd7 7. Qe2+ Be7 8.
dxc5 O-O 9. Nb3 Re8 10. O-O Bxc5 11. Qd3 Bb6 12. Bxd7 Nbxd7 13. Bf4 Re4 14. Bg3
h6 15. Rae1 Qf8 16. Nfd2 Rxe1 1/2-1/2

[Event "RUS-Cup7"]
[Site "Kstovo"]
[Date "1997.05.06"]
[Round "6"]
[White "Beshukov, Sergei"]
[Black "Dolmatov, Sergey"]
[Result "1/2-1/2"]
[WhiteElo "2435"]
[BlackElo "2560"]
[PlyCount "24"]
[EventDate "1997.05.01"]
[EventType "swiss"]
[EventRounds "9"]
[EventCountry "RUS"]
[SourceTitle "CBM 059"]
[Source "ChessBase"]
[SourceDate "1997.08.01"]
[SourceVersion "1"]
[SourceVersionDate "1997.08.01"]
[SourceQuality "1"]

1. e4 e6 2. d4 d5 3. Nd2 c5 4. exd5 exd5 5. Ngf3 Nf6 6. Bb5+ Bd7 7. Bxd7+ Nbxd7
8. O-O Be7 9. dxc5 Nxc5 10. Nd4 Qd7 11. Re1 O-O 12. Nf1 Rfe8 1/2-1/2

[Event "RUS-Cup7"]
[Site "Kstovo"]
[Date "1997.05.08"]
[Round "7"]
[White "Dolmatov, Sergey"]
[Black "Tregubov, Pavel"]
[Result "1/2-1/2"]
[WhiteElo "2560"]
[BlackElo "2525"]
[PlyCount "33"]
[EventDate "1997.05.01"]
[EventType "swiss"]
[EventRounds "9"]
[EventCountry "RUS"]
[SourceTitle "CBM 059"]
[Source "ChessBase"]
[SourceDate "1997.08.01"]
[SourceVersion "1"]
[SourceVersionDate "1997.08.01"]
[SourceQuality "1"]

1. e4 c5 2. Nf3 e6 3. d3 Nc6 4. g3 Nge7 5. Bg2 g6 6. O-O Bg7 7. c3 O-O 8. Be3
b6 9. d4 cxd4 10. cxd4 d5 11. e5 Nf5 12. Nc3 f6 13. exf6 Qxf6 14. Qd2 Nfxd4 15.
Nxd4 Nxd4 16. Nxd5 exd5 17. Bxd4 1/2-1/2

[Event "RUS-ch m1-2"]
[Site "Elista"]
[Date "1997.05.20"]
[Round "1.2"]
[White "Potapov, Alexander"]
[Black "Dolmatov, Sergey"]
[Result "1/2-1/2"]
[WhiteElo "2455"]
[BlackElo "2560"]
[Annotator "Hazai"]
[PlyCount "92"]
[EventDate "1997.05.19"]
[EventType "k.o."]
[EventRounds "6"]
[EventCountry "RUS"]
[SourceTitle "CBM 059"]
[Source "ChessBase"]
[SourceDate "1997.08.01"]
[SourceVersion "1"]
[SourceVersionDate "1997.08.01"]
[SourceQuality "1"]

1. d4 Nf6 2. c4 g6 3. Nc3 Bg7 4. e4 d6 5. h3 O-O 6. Bg5 Na6 7. Nf3 c6 (7... e5
8. d5 Qe8 {is one of the main lines here.}) 8. Be2 e5 9. d5 h6 10. Be3 Nc5 11.
Nd2 {For the opening compare Beliavsky-Khalifman, CBM58.} a5 12. a3 {In this
line White comes first on the queenside, therefore Black's setup has got a bad
reputation amongst the theoreticians.} Ne8 13. b4 Nd7 14. Nb3 {The N on b3 is
not particularly well-placed in these positions. The ideal square for him is
c4.} (14. O-O $1 f5 15. f3 Ndf6 (15... f4 16. Bf2 Bf6 17. c5 $1) 16. g4 $1 $16)
14... axb4 15. axb4 Rxa1 16. Qxa1 cxd5 17. cxd5 f5 18. f3 (18. O-O Ndf6 19. Na5
(19. f3 Nh5 $1 {and the weaknesses on the kingside begin to tell.}) (19. Qa5
Qe7) 19... Nxe4 20. Nxe4 fxe4) 18... Nef6 19. g4 $1 fxe4 20. fxe4 Nh7 21. Kd2 {
[#]} (21. h4 $1 Bf6 (21... Ndf6 22. Qd1 $1 $16 (22. Rg1 $2 Nxg4 $1 23. Bxg4
Qxh4+ $19)) 22. Bf2 Be7 23. Na5 $14) 21... Bf6 $1 {This is a typical pawn
sacrifice in the Kings'Indian. Black wants to activate his dark squared B in
order to exchange it and play for a dark squared strategy.} 22. Bxh6 Bg5+ $1
23. Bxg5 Nxg5 (23... Qxg5+ $6 24. Kd3 $16) 24. Qa7 (24. h4 Nf3+ 25. Bxf3 Rxf3
$132 {/\ Qf6}) 24... Rf4 {One of the main ideas of the pawn sacrifice was to
secure the f4 square for the black pieces.} 25. Ke3 (25. Qe3 Nf6 $1) 25... Qf8
26. Nd2 Nf6 27. Kd3 Qd8 28. Qe3 Kg7 29. Rf1 (29. h4 Nf7 (29... Qh8 $2 30. hxg5
Qxh1 31. gxf6+ Kxf6 32. Qb6 $16) 30. g5 Ng4 31. Bxg4 Bxg4 32. Ne2 Bxe2+ 33.
Kxe2 Qh8 $132) 29... Qh8 $1 30. Rxf4 exf4 31. Qxf4 Qxh3+ 32. Kc2 Nf7 {Black's
blockade strategy is based on the e5 square now.} 33. g5 Nh7 34. Nb5 (34. Nf3
Qg2 $1) 34... Qd7 35. Nc4 (35. Nf3 Qe7) 35... Nhxg5 (35... Qxb5 $4 36. Qxf7+ $1
$18) 36. Ncxd6 Nxd6 37. Qe5+ Kh7 38. Qh2+ Kg7 39. Qe5+ Kh7 40. Nxd6 (40. Qxd6
Nxe4) 40... Qa4+ {Now the active Q attacks permanently the K, which cannot
hide safely from the checks.} 41. Kc1 Qa3+ 42. Qb2 Qe3+ 43. Qd2 Qa3+ 44. Kb1
Bd7 45. Bd1 Qg3 46. Kc1 Qa3+ 1/2-1/2

[Event "RUS-Cup9"]
[Site "Novgorod"]
[Date "1997.06.11"]
[Round "1"]
[White "Zakharov, Aleksandr"]
[Black "Dolmatov, Sergey"]
[Result "0-1"]
[WhiteElo "2375"]
[BlackElo "2560"]
[PlyCount "72"]
[EventDate "1997.06.11"]
[EventType "swiss"]
[EventRounds "9"]
[EventCountry "RUS"]
[SourceTitle "CBM 060"]
[Source "ChessBase"]
[SourceDate "1997.09.29"]
[SourceVersion "1"]
[SourceVersionDate "1997.09.29"]
[SourceQuality "1"]

1. e4 e6 2. Nf3 d5 3. Nc3 Nf6 4. e5 Nfd7 5. d4 c5 6. dxc5 Nc6 7. Bf4 Bxc5 8.
Bd3 f6 9. exf6 Nxf6 10. Qe2 O-O 11. O-O-O Bd7 12. Rhe1 a6 13. Ne5 Nxe5 14. Bxe5
b5 15. g4 Be8 16. f4 b4 17. Nb1 Nd7 18. Bd6 Rf6 19. g5 Bxd6 20. gxf6 Bxf4+ 21.
Nd2 Qxf6 22. Kb1 Nc5 23. Nb3 Nxd3 24. cxd3 e5 25. Rf1 Bg6 26. Ka1 a5 27. d4 a4
28. Nc5 a3 29. Nd7 Qc6 30. Nxe5 Bxe5 31. dxe5 b3 32. axb3 Qc5 33. Rd3 axb2+ 34.
Kxb2 Qa3+ 35. Kc3 Rc8+ 36. Kd2 Bxd3 0-1

[Event "RUS-Cup9"]
[Site "Novgorod"]
[Date "1997.06.13"]
[Round "3"]
[White "Dokutchaev, Aleksander"]
[Black "Dolmatov, Sergey"]
[Result "1/2-1/2"]
[WhiteElo "2440"]
[BlackElo "2560"]
[PlyCount "23"]
[EventDate "1997.06.11"]
[EventType "swiss"]
[EventRounds "9"]
[EventCountry "RUS"]
[SourceTitle "CBM 060"]
[Source "ChessBase"]
[SourceDate "1997.09.29"]
[SourceVersion "1"]
[SourceVersionDate "1997.09.29"]
[SourceQuality "1"]

1. d4 Nf6 2. Nf3 g6 3. c4 Bg7 4. g3 c6 5. Bg2 d5 6. cxd5 cxd5 7. Nc3 O-O 8. Ne5
e6 9. O-O Nfd7 10. f4 Nc6 11. Be3 Nb6 12. Bf2 1/2-1/2

[Event "World Cities"]
[Site "Jakarta "]
[Date "1997.??.??"]
[Round "3"]
[White "Dolmatov, Sergey"]
[Black "Aris, T."]
[Result "1-0"]
[WhiteElo "2565"]
[BlackElo "2285"]
[PlyCount "75"]
[EventDate "1997.07.08"]
[EventType "swiss"]
[EventRounds "10"]
[EventCountry "INA"]
[SourceTitle "CBM 058 ext"]
[Source "ChessBase"]
[SourceDate "1997.07.29"]
[SourceVersion "1"]
[SourceVersionDate "1997.07.29"]
[SourceQuality "1"]

1. e4 e6 2. d4 d5 3. Nc3 Nf6 4. Bg5 Be7 5. e5 Nfd7 6. Bxe7 Qxe7 7. f4 O-O 8.
Nf3 c5 9. Qd2 Nc6 10. dxc5 Nxc5 11. O-O-O Bd7 12. Qe3 b6 13. g3 Rac8 14. Kb1
Rfd8 15. Be2 Be8 16. Rhe1 a6 17. f5 g6 18. f6 Qf8 19. Nd4 Na5 20. h4 b5 21. Bd3
Nc6 22. h5 Nxd4 23. Qxd4 Nxd3 24. cxd3 Rc7 25. Qf4 Rdc8 26. Ne2 Rc2 27. Rc1
Rxc1+ 28. Rxc1 Rxc1+ 29. Qxc1 Qb4 30. Qh6 Qf8 31. Qxf8+ Kxf8 32. h6 b4 33. Kc2
Ba4+ 34. Kd2 Ke8 35. Nd4 a5 36. Ke3 Bd1 37. Nb5 a4 38. Nd6+ 1-0

[Event "World Cities"]
[Site "Jakarta "]
[Date "1997.??.??"]
[Round "5"]
[White "Dolmatov, Sergey"]
[Black "Wahono, Awam"]
[Result "1-0"]
[WhiteElo "2565"]
[BlackElo "2330"]
[PlyCount "76"]
[EventDate "1997.07.08"]
[EventType "swiss"]
[EventRounds "10"]
[EventCountry "INA"]
[SourceTitle "CBM 058 ext"]
[Source "ChessBase"]
[SourceDate "1997.07.29"]
[SourceVersion "1"]
[SourceVersionDate "1997.07.29"]
[SourceQuality "1"]

1. e4 e5 2. Nf3 Nc6 3. Bb5 a6 4. Ba4 Nf6 5. O-O b5 6. Bb3 Be7 7. Re1 O-O 8. a4
Bb7 9. c3 d6 10. d3 Nb8 11. Nbd2 Nbd7 12. Bc2 Re8 13. Nf1 Bf8 14. Ng3 g6 15. d4
c5 16. b3 Bg7 17. d5 b4 18. a5 bxc3 19. Ne2 Nh5 20. Nxc3 h6 21. Nd2 Nf4 22. g3
Nh5 23. Nc4 Ndf6 24. Na4 Bf8 25. Nab6 Ra7 26. b4 Bc8 27. bxc5 dxc5 28. Bb2 Nd7
29. Ba4 f6 30. Nxc8 Qxc8 31. Nb6 Nxb6 32. axb6 Rb7 33. Bxe8 Qxe8 34. Rxa6 Qb5
35. Qa1 c4 36. Bc3 Qb3 37. Rb1 Qc2 38. Ra8 Kg7 1-0

[Event "World Cities"]
[Site "Jakarta "]
[Date "1997.??.??"]
[Round "6"]
[White "Dolmatov, Sergey"]
[Black "Shneider, Aleksandr"]
[Result "1/2-1/2"]
[WhiteElo "2565"]
[BlackElo "2570"]
[PlyCount "72"]
[EventDate "1997.07.08"]
[EventType "swiss"]
[EventRounds "10"]
[EventCountry "INA"]
[SourceTitle "CBM 058 ext"]
[Source "ChessBase"]
[SourceDate "1997.07.29"]
[SourceVersion "1"]
[SourceVersionDate "1997.07.29"]
[SourceQuality "1"]

1. e4 c5 2. Nf3 d6 3. d4 cxd4 4. Nxd4 Nf6 5. Nc3 a6 6. Be2 e5 7. Nb3 Be7 8. O-O
O-O 9. Kh1 Qc7 10. a4 Be6 11. f4 Nbd7 12. f5 Bc4 13. Bg5 b6 14. Nd2 Bxe2 15.
Qxe2 Rfc8 16. Rfd1 Bf8 17. h3 Qb7 18. Bxf6 Nxf6 19. Qd3 b5 20. axb5 axb5 21.
Rxa8 Qxa8 22. Qxb5 Rb8 23. Qa4 Qxa4 24. Nxa4 g6 25. fxg6 hxg6 26. b3 Bh6 27.
Nc3 Bxd2 28. Rxd2 Rc8 29. Rd3 Nh5 30. g3 f5 31. Kg2 Nf6 32. exf5 gxf5 33. Rxd6
Rxc3 34. Rxf6 Rxc2+ 35. Kf1 Rc3 36. Kf2 Rc2+ 1/2-1/2